[Event "Rubinstein Memorial 35th"]
[Site "Polanica Zdroj"]
[Date "1998.08.19"]
[Round "3"]
[White "Ivanchuk, Vassily"]
[Black "Markowski, Tomasz"]
[Result "1-0"]
[WhiteElo "2730"]
[BlackElo "2525"]
[Annotator "Tsesarsky,I"]
[PlyCount "87"]
[EventDate "1998.08.17"]
[EventType "tourn"]
[EventRounds "11"]
[EventCountry "POL"]
[EventCategory "17"]
[SourceTitle "CBM 067"]
[Source "ChessBase"]
[SourceDate "1998.11.30"]
[SourceVersion "2"]
[SourceVersionDate "1998.11.01"]
[SourceQuality "1"]

{[%mdl 37]} 1. e4 c5 2. Nf3 g6 3. d4 Bg7 4. Nc3 cxd4 5. Nxd4 Nc6 6. Be3 Nf6 7.
Bc4 O-O 8. Bb3 Qc7 9. f3 (9. h3 a6 10. O-O d6 11. f4 Na5 12. Qf3 b5 13. f5 Bb7
14. a4 Nxb3 15. cxb3 b4 16. Nd5 Nxd5 17. exd5 Bxd4 18. Bxd4 Qa5 (18... e5 19.
Be3 Qc2 $17) 19. Rad1 Qxd5 $17 {0-1 David,A-Markowski,T/Open, Metz FRA 1998 
(34)}) 9... a6 10. Qd2 (10. g4 b5 11. g5 Nh5 12. Nd5 Qe5 13. c3 Bb7 14. Qd3 e6
15. Nxc6 Bxc6 16. f4 Qb8 17. Ne7+ Kh8 18. Nxc6 dxc6 19. O-O (19. e5 $14) 19...
Rd8 20. Qe2 c5 21. Qf2 $14 {1-0 Polgar,I-Balogh,B/Budapest HUN ch 1970 (61)} (
21. Rad1 $14)) 10... b5 (10... Na5 11. g4 Nxb3 12. axb3 d6 $132 (12... b5 $4
13. Ndxb5 $16 {1-0 Suetin,A-Aronin,L/URS-ch30 Erevan 1962/URS-ch (32)})) 11.
O-O-O (11. a4 b4 (11... bxa4 12. Rxa4 Bb7 13. O-O Ne5 14. Rfa1 $14 {1-0 Jahr,
U-Bialas,W/BL 1981/BL 80 (24)}) 12. Nd5 (12. Nce2 Na5 13. Qxb4 Nxb3 (13... e5
$6 14. Nf5 $1 (14. Ne6 $2 dxe6 15. Bb6 Nxb3 16. Bxc7 Nxa1 17. Kd2 Bh6+ 18. Kd3
a5 19. Qe7 Ba6+ 20. c4 Ne8 21. Qh4 (21. Rxa1 Nxc7 22. Qxc7 Rfc8 $19) 21... Nxc7
22. Qxh6 Nb3 $17) 14... gxf5 15. Bb6 Nxb3 (15... Qc6 16. Bxa5 fxe4 17. fxe4
Nxe4 18. Rd1 $16) 16. Bxc7 Nxa1 17. Kd2 a5 18. Qc5 Bh6+ 19. Kd1 fxe4 20. Bxe5
d6 21. Qxd6 Ra6 $132) 14. Nxb3 d5 15. Qc5 $16 {1-0 Sax,G-Balogh,B/Budapest HUN
ch 1970 (43)}) 12... Nxd5 13. exd5 (13. Bxd5 Rb8 $11) 13... Na5 14. Qxb4 Nxb3
15. Qxb3 Rb8 16. Qa3 (16. Qc3 Qxc3+ 17. bxc3 Bb7 18. d6 (18. c4 Rfc8 19. Rb1
Bxd5 $1 $17) 18... exd6 19. Kd2 f5 $15) 16... Qa5+ 17. Qc3 $15 (17. Kf2 $4 Bxd4
{0-1 Madl,I-Balogh,B/HUN-chT1 1994/TD 94/03 (17)})) (11. Nxc6 dxc6 12. O-O (12.
O-O-O a5 13. a4 Ba6 14. Qf2 $132) 12... e6 13. a4 b4 14. Na2 c5 15. Qe2 Nd7 $11
{0-1 Ortel,E-Balogh,B/Magyarorszag 1972/Inf 13 (48)}) 11... Bb7 (11... b4 12.
Nxc6 dxc6 13. Na4 a5 14. Nc5 $14 (14. h4 Ba6 15. g4 Bb5 16. Qh2 Qxh2 17. Rxh2
Rfd8 18. Rhd2 $14 (18. Rxd8+ Rxd8 19. Rd2 Rxd2 20. Kxd2 $11 {1/2-1/2 Zaitsev,
I-Aronin,L/URS-ch30 Erevan 1962/URS-ch (24)}))) (11... Na5 12. g4 (12. Nd5
Nxb3+ 13. axb3 Nxd5 14. exd5 Bb7 $15) 12... Bb7 13. Bh6 Nxb3+ 14. axb3 b4 15.
Nce2 (15. Na4 $2 d5 (15... Bxh6 $1 16. Qxh6 d5 17. g5 (17. Nf5 gxf5 18. gxf5
Kh8 19. Rhg1 Rg8 $19) (17. e5 Qxe5 18. Nc5 Rfc8 $1 (18... Rab8 $2 19. Rhe1 Qd6
20. Nxb7 Rxb7 21. Nf5 gxf5 22. gxf5 Ng4 23. Qxd6 exd6 24. fxg4 $16) 19. Nxb7 (
19. Rhe1 Qc7 20. Nd3 a5 $17) 19... Qc7 20. Kb1 Qxb7 $17) (17. Rhg1 Kh8 $17)
17... Qf4+ 18. Kb1 dxe4 19. Nc5 Bd5 20. fxe4 Nxe4 21. Nxe4 Bxe4 22. Rhf1 Qe5
$17) 16. Bxg7 Kxg7 17. e5 Qxe5 18. Nc5 Bc8 19. Qxb4 Qf4+ 20. Kb1 e5 21. Nc6
Qxb4 22. Nxb4 e4 23. g5 $16 {1-0 Borocz,I-Balogh,B/HUN tch 1992 (39)}) 15...
Bxh6 16. Qxh6 Rfc8 17. Rd2 Ne8 18. Ng3 e5 19. Ndf5 gxf5 20. gxf5 (20. Nxf5 Qd8
21. Rhd1 Bc6 22. g5 Ra7 23. Qh5 d6 24. Nh6+ Kf8 25. Nf5 Qa5 26. Kb1 Kg8 27.
Nh6+ $11) 20... Qc6 (20... Qc5 21. Nh5 $18) 21. Qg5+ Kf8 22. Nh5 h6 23. Qg3 f6
(23... d6 24. f6 $16) 24. Rg1 Ke7 25. Qg8 Kd8 26. Rg7 $16) 12. h4 (12. g4 b4
13. Nxc6 Bxc6 14. Nd5 Nxd5 15. exd5 Bb5 16. Qxb4 Be2 17. Rd2 (17. d6 $2 exd6
18. Qxd6 Qxd6 (18... Rac8 $11) 19. Rxd6 Bxf3 20. Rg1 Bc6 $132 {1/2-1/2 Bannik,
A-Aronin,L/URS-ch30 Erevan 1962/URS-ch (38)}) 17... a5 (17... Bxf3 18. Rf1 $18)
18. Qa4 (18. Qe4 Ba6 $16) 18... Ba6 19. h4 $16) 12... Rac8 (12... Rfc8 13. h5
Na5 14. hxg6 Nxb3+ 15. axb3 fxg6 16. g4 e5 17. Nde2 b4 (17... d5 18. g5 d4 19.
gxf6 dxc3 20. Nxc3 Rd8 21. Nd5 $16 {1-0 Labutin,S-Zuccheri,A/Sumperk op 1990/
EXT 90op (47)}) 18. Na4 Nxe4 $1 (18... d5 $2 19. Bb6 Qf7 20. g5 Nd7 21. exd5
Qxf3 22. Kb1 $132 {0-1 Pavlov,M-Johannsson,I/Halle zt 1963/MCL 02 (41)}) 19.
fxe4 Bxe4 20. Nc5 (20. Ng3 Qxc2+ 21. Qxc2 Rxc2+ (21... Bxc2 22. Nb6 Be4+ 23.
Nxc8 Rxc8+ 24. Kd2 Rc2+ 25. Ke1 Bxh1 26. Nxh1 Rxb2 27. Rxd7 Rxb3 $15) 22. Kb1
Bxh1 23. Kxc2 Rc8+ 24. Kd2 Bf3 $15) 20... Qa5 21. Kb1 Bxh1 22. Rxh1 Rxc5 23.
Bxc5 Qxc5 24. Qxd7 Kh8 $17) (12... Rad8 13. h5 e5 (13... Nxh5 14. Nd5 Qd6 15.
g4 (15. Nf5 gxf5 16. Rxh5 $16) 15... Bxd4 16. gxh5 Bxe3 17. Qxe3 Na5 18. hxg6
Nxb3+ (18... fxg6 $4 19. Nf6+ $18) 19. Qxb3 $1 (19. axb3 fxg6 $17) 19... hxg6
20. Qe3 $1 $18) 14. Nde2 Na5 15. Bh6 (15. Bd5 $5 $14) 15... Nxb3+ 16. axb3 Bxh6
17. Qxh6 $16 {1-0 Blaess,G-Bialas,W/BL 1983/BL 80 (28)}) (12... Na5 13. h5 e5
14. h6 Bh8 15. Nf5 Nxb3+ 16. axb3 gxf5 17. Bb6 Nxe4 $1 18. Bxc7 Nxd2 19. Rxd2
Rac8 20. Bd6 Rfe8 $132 {1-0 Szeles,K-Balogh,B/Budapest HUN ch 1972 (41)}) 13.
h5 Na5 14. hxg6 (14. Kb1 Nxb3 15. axb3 Rfe8 16. Bh6 Bh8 17. b4 d6 18. g4 Qc4 $6
19. Nce2 Qc7 20. Ng3 $16 {1/2-1/2 Shtyrenkov,V-Shabanov,Y/Kursk 1987/EXT 87 
(54)}) 14... Nxb3+ (14... hxg6 15. Bh6 Nxb3+ 16. Nxb3 $18) 15. Nxb3 fxg6 16.
Nc5 $1 $14 (16. Bc5 Rf7 (16... d6 $132) 17. Kb1 d6 $132) 16... Bc6 (16... Rf7
17. Nxb7 Qxb7 18. e5 b4 19. Na4 Nh5 20. Nb6 $16) 17. Ne2 a5 18. Rh4 $5 (18. Nd4
$5 Qe5 19. Nd3 (19. Nxc6 Rxc6 20. Bd4 Qc7 21. Bxf6 exf6 (21... Bxf6 22. Nxd7
$16) 22. Nxd7 Rc8 23. Qd5+ Kh8 24. c3 b4 25. Kb1 h6 (25... bxc3 26. Rxh7+ Kxh7
27. Rh1+ Bh6 28. Qf7+ $18) 26. Qd2 Kh7 27. cxb4 axb4 28. Rc1 $16)) 18... Ba8 (
18... b4 19. Kb1 (19. Rdh1 Rf7 20. Nd4 (20. Kb1 Bb5 (20... e5 21. Nc1 $14) 21.
Nc1 $14) 20... Ba8 21. Ndb3 $14) 19... Rf7 20. c3 $14) 19. Rdh1 (19. Kb1 b4 20.
c3 $5 $14) 19... Rf7 $6 (19... b4 $14) 20. Kb1 b4 $6 (20... Rff8 $14) 21. c3 $1
$16 (21. Nc1 $14) 21... bxc3 (21... e6 22. cxb4 axb4 23. Na6 (23. Qxb4 $2 d6
$17) 23... Qa5 24. Nxb4 Rb8 25. Nd3 Qxd2 26. Bxd2 d5 27. e5 $16) 22. Nxc3 Bh8 (
22... Rff8 23. Nb3 Bc6 24. Bh6 $16) 23. Rc1 Bc6 24. Rhh1 Qb8 25. N5a4 (25. Rc2
$5 $16) 25... Bg7 (25... Qb4 26. Bc5 Qb8 27. Nb6 $16) 26. Nb6 Rd8 (26... Rc7
27. Bd4 e5 28. Be3 Qb7 29. Qd6 Ne8 30. Qa3 $16) 27. Rhd1 $1 (27. Bd4 $14) (27.
Ncd5 a4 28. Rc4 $16) (27. Rc2 $5 $14) 27... Qb7 (27... e6 28. Ne2 Bb7 (28...
Bb5 $2 29. Nf4 Rdf8 (29... Bh6 30. Nxe6 Bxe3 (30... Nxe4 31. fxe4 Bxe3 32. Qxe3
dxe6 33. Rxd8+ Qxd8 34. Rc8 $18) 31. Qxe3 dxe6 32. Rxd8+ Qxd8 33. Rc8 $18) 30.
Qxa5 $16) 29. Qxa5 d5 30. Bf4 (30. Nc4 Rff8 31. Bf4 Qa8 32. Bc7 $16) 30... e5
31. Bg3 Bh6 32. Nxd5 Bxd5 33. Bxe5 $1 Ra7 (33... Qa8 34. Qxa8 Rxa8 35. exd5
Bxc1 36. Nxc1 $18) 34. Qxd5+ Nxd5 35. Bxb8 Rxb8 36. exd5 Bxc1 37. Nxc1 $18) 28.
e5 Ne8 (28... Nh5 29. Nc4 (29. e6 Rff8 30. Nxd7 Bxd7 31. exd7 Nf6 32. Qe2 Rxd7
33. Bc5 Rc8 34. Qe6+ Kh8 $11) 29... Qa6 30. Nd5 Rb8 31. Ndb6 Rb7 (31... e6 32.
Qxa5 Qxa5 33. Nxa5 Bxe5 34. Nxc6 dxc6 35. Rxc6 $18) 32. Qxa5 $18) 29. e6 $1 (
29. Nc4 Ra8 30. Nd5 Qa6 31. Ndb6 Ra7 32. b3 (32. Bc5 Bb5 $132) 32... e6 33. Na4
Rc7 34. Nc5 $14) 29... Rf8 (29... Rf5 30. Nxd7 Nd6 31. Nc5 $16) 30. Ncd5 Bxd5
$2 $18 (30... Bf6 $142 31. Qxa5 (31. exd7 Bxd7 32. Nxe7+ Bxe7 33. Nxd7 Nf6 34.
Nxf6+ Bxf6 35. Qe2 $16) 31... dxe6 32. Nxf6+ Nxf6 (32... exf6 33. Rxd8 $18) 33.
Qe5 $16) 31. Qxd5 Qxd5 32. Nxd5 (32. Rxd5 Nf6 33. Rxa5 dxe6 34. Ra7 $16) 32...
Rb8 33. Nxe7+ (33. b4 $5 dxe6 (33... axb4 34. Nxe7+ Kh8 35. exd7 Nf6 36. Nc6
$18) 34. Nxe7+ Kf7 35. Nc6 $18) 33... Kh8 34. Rc2 (34. b3 $18) 34... dxe6 35.
Rh1 $1 (35. Nc6 $18) 35... Rf7 36. Nxg6+ Kg8 37. Nf4 Rfb7 (37... Nc7 38. Rh5
$18) 38. Nd3 (38. Bc1 Nc7 39. a4 $1 $18 (39. Re1 Nb5 40. Re3 Nd4 $16)) 38...
Nc7 39. Bf4 Nb5 40. Bxb8 Na3+ 41. Kc1 Nxc2 42. Kxc2 Rxb8 43. Rh5 e5 44. Kd2 1-0

[Event "Metz op 16th"]
[Site "Metz"]
[Date "1998.??.??"]
[Round "8"]
[White "David, Alberto"]
[Black "Markowski, Tomasz"]
[Result "0-1"]
[WhiteElo "2525"]
[BlackElo "2505"]
[Annotator "Tsesarsky,I"]
[PlyCount "68"]
[EventDate "1998.04.06"]
[EventType "swiss"]
[EventRounds "9"]
[EventCountry "FRA"]
[SourceTitle "CBM 065"]
[Source "ChessBase"]
[SourceDate "1998.08.06"]
[SourceVersion "1"]
[SourceVersionDate "1998.08.06"]
[SourceQuality "1"]

1. e4 c5 2. Nf3 g6 3. d4 Bg7 4. Nc3 cxd4 5. Nxd4 Nc6 6. Be3 Nf6 7. Bc4 O-O 8.
Bb3 Qc7 9. h3 (9. f3 a6 10. Qd2 (10. g4 b5 11. g5 Nh5 12. Nd5 Qe5 13. c3 Bb7
14. Qd3 e6 15. Nxc6 Bxc6 16. f4 Qb8 17. Ne7+ Kh8 $132 {1-0 Polgar,I-Balogh,B/
Budapest HUN ch 1970 (60)}) 10... Na5 (10... b5 11. a4 (11. Nxc6 dxc6 12. O-O
e6 13. a4 b4 14. Na2 c5 15. Qe2 Nd7 $15 {Ortel,E-Balogh,B/Magyarorszag 1972/
0-1 (48)}) (11. O-O-O Bb7 (11... b4 12. Nxc6 dxc6 13. Na4 a5 14. h4 Ba6 15. g4
Bb5 16. Qh2 Qxh2 17. Rxh2 $14 {1/2-1/2 Zaitsev,I-Aronin,L/URS-ch30 Erevan 1962
(24)}) (11... Na5 12. g4 Bb7 13. Bh6 Nxb3+ 14. axb3 b4 15. Na4 d5 16. Bxg7 Kxg7
17. e5 Qxe5 18. Nc5 Bc8 19. Qxb4 Qf4+ 20. Kb1 e5 21. Nc6 $14 {1-0 Borocz,
I-Balogh,B/HUN tch 1992 (38)}) 12. g4 (12. h4 Rac8 (12... Na5 13. h5 e5 14. h6
$2 (14. hxg6 exd4 (14... Nxb3+ 15. Nxb3 fxg6 16. Nc5 $16) (14... hxg6 15. Nde2
Nxb3+ 16. axb3 Rac8 17. Bh6 Nh5 18. Bxg7 Nxg7 19. Qh6 $18) 15. Bxf7+ Rxf7 16.
gxf7+ Kxf7 17. Bxd4 $16) 14... Bh8 15. Nf5 Nxb3+ 16. axb3 gxf5 17. Bb6 Nxe4 18.
Bxc7 Nxd2 19. Rxd2 Rac8 20. Bd6 Rfe8 $17 {1-0 Szeles,K-Balogh,B/Budapest HUN
ch 1972 (40)}) (12... Rfc8 13. h5 Na5 14. hxg6 Nxb3+ 15. axb3 fxg6 16. Bh6 $14
(16. g4 e5 17. Nde2 d5 (17... b4 18. Na4 d5 19. Bb6 (19. Nb6 dxe4 20. g5 exf3
21. Nxc8 Nd5 $132) 19... Qf7 20. g5 Nd7 21. exd5 Qxf3 22. Kb1 $132 {0-1 Pavlov,
M-Johannsson,I/Halle zt 1963 (40)}) 18. g5 d4 (18... Nxe4 19. fxe4 d4 20. Nxd4
exd4 21. Bxd4 Rd8 22. Qe3 $14) 19. gxf6 dxc3 20. Nxc3 Rd8 21. Nd5 Bxd5 22. exd5
Bxf6 23. d6 $16 {1-0 Labutin,S-Zuccheri,A/Sumperk op 1990 (46)})) (12... Rad8
13. h5 e5 14. Nde2 Na5 15. Bh6 Nxb3+ 16. axb3 Bxh6 17. Qxh6 d6 18. Ng3 Qe7 19.
Rh3 Ne8 20. Rdh1 Rd7 21. Qxh7+ $3 Kxh7 22. hxg6+ Kg7 (22... Kg8 23. Rh8+ Kg7
24. Nf5+ Kf6 25. g7 Nxg7 26. R8h6+ Kg5 27. Nxg7 $1 $18) 23. Nf5+ Kf6 24. g7
Nxg7 25. Rh6+ Kg5 26. Nxg7 $1 Bxe4 27. Nxe4+ Kf4 28. Kd2 {1-0 Blaess,G-Bialas,
W/BL 1983}) 13. h5 Na5 14. Kb1 Nxb3 15. axb3 Rfe8 16. Bh6 Bh8 17. b4 (17. hxg6
hxg6 18. Bg5 Bg7 19. g4 b4 20. Na2 a5 21. Bh6 Bh8 22. Bf4 e5 23. Qh2 Bg7 24.
Nb5 (24. Bh6 exd4 $19) 24... Qc5 25. Bh6 Bxe4 26. fxe4 Nxg4 27. Qe2 Nxh6 28.
Rd5 Qe7 29. Nd6 $16) 17... d6 18. g4 Qc4 19. Nce2 Qc7 20. Ng3 Nd7 (20... Nxg4
$1 21. hxg6 hxg6 22. fxg4 Bxd4 23. Qxd4 (23. Nf5 Bf6 $17) 23... Qxc2+ 24. Ka2
Qa4+ 25. Kb1 Qc2+ $11) 21. Qh2 $14 {1/2-1/2 Shtyrenkov,V-Shabanov,Y/Kursk 1987
(53)}) 12... b4 13. Nxc6 Bxc6 14. Nd5 Nxd5 15. exd5 Bb5 16. Qxb4 (16. h4 Qe5
17. Bd4 Qxd4 18. Qxd4 Bxd4 19. Rxd4 a5 20. Re1 Rfc8 21. a4 bxa3 22. bxa3 a4 23.
Ba2 Rc3 24. Rxe7 Rac8 25. Bb1 Rxf3 $132) 16... Be2 17. d6 exd6 18. Qxd6 Qxd6
19. Rxd6 Bxf3 20. Rg1 $14 {1/2-1/2 Bannik,A-Aronin,L/URS-ch30 Erevan 1962 (37)}
) 11... b4 (11... bxa4 12. Rxa4 Bb7 13. O-O Ne5 14. Rfa1 d6 15. Bh6 Bxh6 16.
Qxh6 Qb6 17. Kh1 Ned7 18. Qg5 Nc5 19. Nf5 $14 {1-0 Jahr,U-Bialas,W/BL 1981 (23)
}) 12. Nce2 (12. Nd5 Nxd5 13. exd5 Na5 14. Qxb4 Nxb3 15. Qxb3 Rb8 16. Qa3 Qa5+
17. c3 (17. Kf2 $4 Bxd4 {0-1 Madl,I-Balogh,B/HUN-chT1 1994}) 17... Qxd5 $15)
12... Na5 13. Qxb4 Nxb3 14. Nxb3 d5 15. Qc5 Qxc5 16. Nxc5 dxe4 17. fxe4 Rb8 18.
Bd4 Ng4 19. h3 e5 20. Bg1 Nf6 21. O-O-O $16 {1-0 Sax,G-Balogh,B/Budapest HUN
ch 1970 (42)}) 11. g4 Nxb3 12. axb3 b5 13. Ndxb5 Qb8 14. Na3 Bb7 15. Nc4 $16 {
1-0 Suetin,A-Aronin,L/URS-ch30 Erevan 1962 (31)}) 9... a6 10. O-O (10. f4 Nxd4
11. Qxd4 Nh5 12. e5 d6 13. Nd5 Qa5+ 14. Bd2 Qd8 15. Nb6 Rb8 16. g4 Ng3 17. Rg1
Ne4 18. Ba5 (18. Qxe4 Qxb6 $11) 18... Nc5 $132 {1-0 Ribli,Z-Dely,P/Budapest
HUN ch 1971 (35)}) 10... d6 (10... Na5 11. Qd3 b5 12. f4 Nxb3 13. axb3 Bb7 14.
e5 Ne8 $15 {Hartmann,G-Bialas,W/BL 1987/0-1 (51)}) 11. f4 Na5 12. Qf3 (12. Qd3
b5 13. Rae1 e5 14. Nf3 Bb7 15. Nd5 Bxd5 16. Bxd5 Nxd5 17. Qxd5 Nc4 18. Bc1 (18.
f5 $4 Nxe3 19. Rxe3 Qb6 {0-1 Gesos,P-Balogh,B/Magyarorszag 1972}) 18... exf4
19. c3 $15) 12... b5 $15 13. f5 (13. Nd5 Nxd5 14. Bxd5 Bb7 15. Bxb7 Qxb7 $15)
13... Bb7 14. a4 $6 $17 (14. Rae1 Nxb3 15. axb3 b4 16. Nd5 Nxd5 17. exd5 Bxd4
18. Bxd4 e5 19. fxe6 fxe6 20. Qd1 Rxf1+ 21. Rxf1 Bxd5 $17) (14. fxg6 hxg6 $15)
(14. Rf2 $15) 14... Nxb3 15. cxb3 b4 16. Nd5 Nxd5 (16... Bxd5 17. exd5 Qb7 18.
fxg6 hxg6 19. Nc6 e6 20. Bg5 Nxd5 21. Ne7+ Kh8 22. Nxd5 Qxd5 23. Qxd5 exd5 24.
Be7 $132) 17. exd5 Bxd4 18. Bxd4 Qa5 (18... e5 $2 19. Be3 Qc2 (19... Qa5 20.
Rad1 Rac8 (20... Kh8 21. Bh6 (21. fxg6 fxg6 22. Qxf8+ Rxf8 23. Rxf8+ Kg7 24.
Rdf1 Bxd5 $19) 21... Rg8 22. Bg5 $16) 21. Bh6 $16) 20. Bh6 Rfc8 21. Rf2 Qxf5
22. Qxf5 gxf5 23. Rxf5 Kh8 24. Rxf7 Bxd5 25. Rd7 Rc2 26. Rxd6 Rxg2+ 27. Kf1
$132) 19. Rad1 (19. Qg3 Qxd5 20. Bb6 Rab8 21. a5 Rfc8 22. Rf2 e6 (22... Kg7 $2
23. Qh4 f6 24. Re1 Qf7 (24... Re8 25. fxg6 hxg6 26. Rxe7+ Rxe7 27. Qxf6+ Kg8
28. Qxe7 $18) 25. Rfe2 Re8 26. Qxb4 $132) 23. f6 Rc6 24. Qf4 Kh8 25. Qxb4 Rbc8
26. Qf4 Qxb3 $17) 19... Qxd5 20. Qg3 Rac8 21. Rd2 Qe4 (21... e5 22. fxe6 (22.
Be3 Qxb3 23. Rxd6 Rc2 24. Rf2 Rxf2 (24... Rc1+ 25. Kh2 Re1 26. fxg6 $18) 25.
Bxf2 (25. Qxf2 Qxa4 26. f6 Re8 $17) 25... Qxb2 (25... Qxg3 26. Bxg3 f6 27. Rb6
Rf7 28. fxg6 hxg6 29. Rxb4 Rc7 30. Rb6 Kf7 $11) 26. fxg6 Qb1+ (26... hxg6 27.
Rxg6+ $11) 27. Kh2 fxg6 28. Qxe5 Qe4 29. Qxe4 Bxe4 30. Bd4 $15) 22... fxe6 $17)
22. Kh2 Rc2 23. Rxc2 (23. fxg6 hxg6 $17) 23... Qxc2 24. Rf2 Qe4 25. Rf4 Qd5 26.
h4 $2 (26. Bb6 Rc8 27. fxg6 hxg6 28. Rd4 Qf5 29. Rxb4 Rc2 30. Bf2 Qd7 $17)
26... e5 $19 27. fxe6 fxe6 28. Rg4 (28. Rxf8+ Kxf8 29. Qf3+ Qxf3 30. gxf3 Bxf3
31. Bb6 e5 32. Kg3 Bd1 33. Ba5 Ke7 34. Bxb4 Ke6 35. a5 Bxb3 $19) 28... Rf1 29.
Qd3 (29. Rxg6+ hxg6 30. Qxg6+ Kf8 $19) (29. Bg1 Rd1 $19) 29... Qf5 30. Qxf5
exf5 31. Rg3 Rf4 32. Bf6 (32. Bb6 Rxh4+ 33. Rh3 Re4 $19) 32... Kf7 33. Bg5 Rf2
34. Rd3 Be4 $4 (34... Be4 $4 35. Rd2 Rxd2 (35... Rf1 36. Rxd6 $15) 36. Bxd2 $15
) (34... Rxg2+ 35. Kh3 Rxb2 36. Rxd6 Bc8 37. Kg3 Rxb3+ $19) 0-1